Central Library OPAC University of Rajshahi

The Indian economy : (Record no. 59119)

MARC details
000 -LEADER
fixed length control field 00802nam a2200241 a 4500
001 - CONTROL NUMBER
control field 59119
003 - CONTROL NUMBER IDENTIFIER
rucl marc code BD-RjUL
005 - DATE AND TIME OF LATEST TRANSACTION
control field 20211209080709.0
008 - FIXED-LENGTH DATA ELEMENTS--GENERAL INFORMATION
fixed length control field 161221s19891988i ||||| |||| 001 0 eng d
020 ## - INTERNATIONAL STANDARD BOOK NUMBER
International Standard Book Number 019562419x
035 ## - SYSTEM CONTROL NUMBER
System control number (BD-RjUL)59243
040 ## - CATALOGING SOURCE
Original cataloging agency BD-RjUL
Language of cataloging eng
Transcribing agency BD-RjUL
Modifying agency BD-RjUL
041 ## - LANGUAGE CODE
Language code of text/sound track or separate title eng
082 ## - DEWEY DECIMAL CLASSIFICATION NUMBER
Edition number 23
Classification number 330.954
Author mark and year IND 1989
245 40 - TITLE STATEMENT
Title The Indian economy :
Remainder of title recent development and future prospects /
Statement of responsibility, etc. Robert E B Lucas and Gustav Fritz Papanek
260 ## - PUBLICATION, DISTRIBUTION, ETC. (IMPRINT)
Place of publication, distribution, etc. Caicutta :
Name of publisher, distributor, etc. Oxford University Press,
Date of publication, distribution, etc. c1988 [impression 1989]
300 ## - PHYSICAL DESCRIPTION
Pagination ix, 374 p. :
Illustrations ill. ;
Size 22 cm.
650 ## - SUBJECT ADDED ENTRY--TOPICAL TERM
Topical term or geographic name as entry element Economic conditions
Geographic subdivision India
9 (RLIN) 173144
651 ## - SUBJECT ADDED ENTRY--GEOGRAPHIC NAME
Geographic name India
Form subdivision Economic policy
9 (RLIN) 175794
700 ## - ADDED ENTRY--PERSONAL NAME
Personal name Lucas , Robert E. B.
Personal name Papanek, Gustav Fritz
942 ## - ADDED ENTRY ELEMENTS (KOHA)
Source of classification or shelving scheme Dewey Decimal Classification
Koha item type Books
Holdings
Lost status Source of classification or shelving scheme Damaged status Not for loan Collection code Permanent Location Current Location Shelving location Date acquired Source of acquisition Cost, normal purchase price Total Checkouts Full call number Date last seen Copy number Koha item type
  Dewey Decimal Classification   Not For Loan Non-fiction Central Library, University of Rajshahi Central Library, University of Rajshahi Reading Room 24/05/1990 Karim int. 75.00   330.954 IND 1989 21/12/2016 C-1 Books